<?xml version="1.0" encoding="UTF-8"?>
<record
    xmlns:xsi="http://www.w3.org/2001/XMLSchema-instance"
    xsi:schemaLocation="http://www.loc.gov/MARC21/slim http://www.loc.gov/standards/marcxml/schema/MARC21slim.xsd"
    xmlns="http://www.loc.gov/MARC21/slim">

  <leader>03324cam a22003978i 4500</leader>
  <controlfield tag="001">22272313</controlfield>
  <controlfield tag="003">CSPC</controlfield>
  <controlfield tag="005">20250514163034.0</controlfield>
  <controlfield tag="008">211014s2022    nyu      b    001 0 eng  </controlfield>
  <datafield tag="010" ind1=" " ind2=" ">
    <subfield code="a">  2021041232</subfield>
  </datafield>
  <datafield tag="020" ind1=" " ind2=" ">
    <subfield code="a">9781032041872</subfield>
  </datafield>
  <datafield tag="040" ind1=" " ind2=" ">
    <subfield code="a">DLC</subfield>
    <subfield code="b">eng</subfield>
    <subfield code="e">rda</subfield>
    <subfield code="c">DLC</subfield>
    <subfield code="d">CSPC </subfield>
  </datafield>
  <datafield tag="042" ind1=" " ind2=" ">
    <subfield code="a">pcc</subfield>
  </datafield>
  <datafield tag="050" ind1="0" ind2="0">
    <subfield code="a">HD45</subfield>
    <subfield code="b">.P323 2022</subfield>
  </datafield>
  <datafield tag="082" ind1="0" ind2="0">
    <subfield code="a">338.70285</subfield>
    <subfield code="b">P192b</subfield>
    <subfield code="2">23/eng/20211015</subfield>
  </datafield>
  <datafield tag="100" ind1="1" ind2=" ">
    <subfield code="a">Pandiarajan, Vijay,</subfield>
    <subfield code="e">author.</subfield>
  </datafield>
  <datafield tag="245" ind1="1" ind2="0">
    <subfield code="a">Business innovation :</subfield>
    <subfield code="b">a case study approach /</subfield>
    <subfield code="c">Vijay Pandiarajan.</subfield>
  </datafield>
  <datafield tag="250" ind1=" " ind2=" ">
    <subfield code="a">First edition.</subfield>
  </datafield>
  <datafield tag="263" ind1=" " ind2=" ">
    <subfield code="a">2201</subfield>
  </datafield>
  <datafield tag="264" ind1=" " ind2="1">
    <subfield code="a">Abingdon, Oxon ;</subfield>
    <subfield code="a">New York, NY :</subfield>
    <subfield code="b">Routledge,</subfield>
    <subfield code="c">2022.</subfield>
  </datafield>
  <datafield tag="300" ind1=" " ind2=" ">
    <subfield code="a">xiv, 334 pages : </subfield>
    <subfield code="b">illustrations ; </subfield>
    <subfield code="c">23 cm. </subfield>
  </datafield>
  <datafield tag="336" ind1=" " ind2=" ">
    <subfield code="a">text</subfield>
    <subfield code="b">txt</subfield>
    <subfield code="2">rdacontent</subfield>
  </datafield>
  <datafield tag="337" ind1=" " ind2=" ">
    <subfield code="a">unmediated</subfield>
    <subfield code="b">n</subfield>
    <subfield code="2">rdamedia</subfield>
  </datafield>
  <datafield tag="338" ind1=" " ind2=" ">
    <subfield code="a">volume</subfield>
    <subfield code="b">nc</subfield>
    <subfield code="2">rdacarrier</subfield>
  </datafield>
  <datafield tag="504" ind1=" " ind2=" ">
    <subfield code="a">Includes bibliographical references and index.</subfield>
  </datafield>
  <datafield tag="505" ind1="0" ind2=" ">
    <subfield code="a">"What" - Introduction to innovation -- "Why" - Innovation imperatives -- "Where" - sources of innovation -- "How" - approach to advance innovation -- Innovations in industry verticals -- Economics of innovation -- Special topics on innovation -- Case studies.  </subfield>
  </datafield>
  <datafield tag="520" ind1=" " ind2=" ">
    <subfield code="a">"This book takes a holistic approach to enterprise and innovation opportunities and challenges by addressing the key questions surrounding innovation - what, why, and how. It provides an understanding of innovation models and why they are important in the business context, considers sources of innovation, and how to apply business frameworks using real world examples of innovation-led businesses. After providing a solid background to the key concepts related to innovation models, the book looks at why innovation takes place and where the sources of innovation lie, from corporate research to crowd-sourced and government-funded initiatives. Innovation models across manufacturing, services and government are explored, as well as measuring innovation, and the impact of design thinking and lean enterprise principles on innovation and sustainability-driven imperatives. Real-life, global case studies are integrated throughout to demonstrate how the concepts can be applied to practice, supported by a new 5-dimensional holistic framework for innovation. Chapter objectives and summaries, key learning points and questions reinforce learning and aid critical thinking. Offering a truly comprehensive and global approach, Business Innovation should be core or recommended reading for advanced undergraduate, postgraduate, MBA and Executive Education students studying Innovation Management, Strategic Management and Entrepreneurship. Supporting materials include PowerPoint slides, a test bank of questions and an instructor's manual"--</subfield>
    <subfield code="c">Provided by publisher.</subfield>
  </datafield>
  <datafield tag="650" ind1=" " ind2="0">
    <subfield code="a">Business enterprises</subfield>
    <subfield code="x">Technological innovations.</subfield>
  </datafield>
  <datafield tag="650" ind1=" " ind2="0">
    <subfield code="a">Technological innovations</subfield>
    <subfield code="x">Management.</subfield>
  </datafield>
  <datafield tag="650" ind1=" " ind2="0">
    <subfield code="a">Business planning.</subfield>
  </datafield>
  <datafield tag="776" ind1="0" ind2="8">
    <subfield code="i">Online version:</subfield>
    <subfield code="a">Pandiarajan, Vijay.</subfield>
    <subfield code="t">Business innovation</subfield>
    <subfield code="b">1st.</subfield>
    <subfield code="d">New York, NY : Routledge, 2022</subfield>
    <subfield code="z">9781003190837</subfield>
    <subfield code="w">(DLC) 2021041233</subfield>
  </datafield>
  <datafield tag="906" ind1=" " ind2=" ">
    <subfield code="a">7</subfield>
    <subfield code="b">cbc</subfield>
    <subfield code="c">orignew</subfield>
    <subfield code="d">1</subfield>
    <subfield code="e">ecip</subfield>
    <subfield code="f">20</subfield>
    <subfield code="g">y-gencatlg</subfield>
  </datafield>
  <datafield tag="942" ind1=" " ind2=" ">
    <subfield code="2">ddc</subfield>
    <subfield code="c">BK</subfield>
    <subfield code="h">338.70285</subfield>
    <subfield code="i">P192b</subfield>
    <subfield code="k">CIR</subfield>
    <subfield code="m">2022</subfield>
    <subfield code="n">0</subfield>
    <subfield code="e">23</subfield>
  </datafield>
  <datafield tag="952" ind1=" " ind2=" ">
    <subfield code="0">0</subfield>
    <subfield code="1">0</subfield>
    <subfield code="2">ddc</subfield>
    <subfield code="4">0</subfield>
    <subfield code="7">0</subfield>
    <subfield code="a">CSPC</subfield>
    <subfield code="b">CSPC</subfield>
    <subfield code="c">CIR</subfield>
    <subfield code="d">2025-05-14</subfield>
    <subfield code="l">0</subfield>
    <subfield code="o">CIR 338.70285 P192b 2022</subfield>
    <subfield code="p">029516</subfield>
    <subfield code="r">2025-05-14 11:40:01</subfield>
    <subfield code="t">1-2</subfield>
    <subfield code="w">2025-05-14</subfield>
    <subfield code="y">BK</subfield>
  </datafield>
  <datafield tag="952" ind1=" " ind2=" ">
    <subfield code="0">0</subfield>
    <subfield code="1">0</subfield>
    <subfield code="2">ddc</subfield>
    <subfield code="4">0</subfield>
    <subfield code="7">0</subfield>
    <subfield code="a">CSPC</subfield>
    <subfield code="b">CSPC</subfield>
    <subfield code="c">CIR</subfield>
    <subfield code="d">2025-05-14</subfield>
    <subfield code="l">0</subfield>
    <subfield code="o">CIR 338.70285 P192b 2022</subfield>
    <subfield code="p">029517</subfield>
    <subfield code="r">2025-05-14 11:40:01</subfield>
    <subfield code="t">2-2</subfield>
    <subfield code="w">2025-05-14</subfield>
    <subfield code="y">BK</subfield>
  </datafield>
  <datafield tag="999" ind1=" " ind2=" ">
    <subfield code="c">29566</subfield>
    <subfield code="d">29566</subfield>
  </datafield>
</record>
